Electronics portable handbook
Shranjeno v:
| Glavni avtor: | |
|---|---|
| Format: | Knjiga |
| Jezik: | Undetermined |
| Izdano: |
New York
McGraw- Hill
1999
|
| Teme: | |
| Oznake: |
Označite
Brez oznak, prvi označite!
|
| Thư viện lưu trữ: | Trung tâm Học liệu Trường Đại học Cần Thơ |
|---|
| LEADER | 00510nam a2200193Ia 4500 | ||
|---|---|---|---|
| 001 | CTU_75077 | ||
| 008 | 210402s9999 xx 000 0 und d | ||
| 020 | |b 846000 | ||
| 082 | |a 621.381 | ||
| 082 | |b G446 | ||
| 100 | |a Gibilisco, Stan | ||
| 245 | 0 | |a Electronics portable handbook | |
| 245 | 0 | |c Stan Gibilisco | |
| 260 | |a New York | ||
| 260 | |b McGraw- Hill | ||
| 260 | |c 1999 | ||
| 650 | |a Electronics handbooks, manuals | ||
| 904 | |i Truc,Hải | ||
| 980 | |a Trung tâm Học liệu Trường Đại học Cần Thơ | ||